000 00688nam a2200289Ia 4500
005 20260324124649.0
008 008 260324s9999 xx 000 0 eng d
020 _a9781315832005
037 _aEBOOK
040 _aCRL
040 _beng
040 _cCRL
041 _2eng
041 _aeng
084 _qCRL
100 _aMichael Lacewing
_91162329
245 0 _aPhilosophy for A2: Unit 4
245 0 _bPhilosophical Problems, 2008 AQA Syllabus
260 _bTaylor and Francis
260 _c2010
365 _a
365 _b230
856 _uhttp://www.taylorfrancis.com/books/9781315832005
942 _cEBOOK
999 _c1769594
_d1769594